[Event "Voronezh op-A"]
[Site "Voronezh"]
[Date "2008.06.19"]
[Round "7"]
[White "Zubov, Oleksander"]
[Black "Jumabayev, Rinat"]
[Result "0-1"]
[WhiteElo "2568"]
[BlackElo "2442"]
[PlyCount "160"]
[EventDate "2008.06.12"]
[EventType "swiss"]
[EventRounds "9"]
[EventCountry "RUS"]
[SourceTitle "CBM 125 Extra"]
[Source "ChessBase"]
[SourceDate "2008.09.01"]
[SourceVersion "1"]
[SourceVersionDate "2008.09.01"]
[SourceQuality "1"]

1. d4 Nf6 2. c4 e6 3. Nc3 Bb4 4. Nf3 b6 5. Bg5 Bb7 6. Nd2 h6 7. Bh4 Nc6 8. a3 Bxc3 9. bxc3 Ne7 10. f3 d5 11. e3 Nf5 12. Bf2 0-0 13. Bd3 c5 14. 0-0 Nd6 15. cxd5 Nxd5 16. c4 Ba6 17. Qa4 Qe8 18. Qc2 Ne7 19. dxc5 bxc5 20. e4 Nb7 21. Nb3 Rc8 22. Qc3 Qa4 23. Rfd1 Ng6 24. Bg3 Rfd8 25. Be2 Nf8 26. Rxd8 Rxd8 27. Bf2 Rc8 28. Rc1 Rc6 29. Nd2 Qa5 30. Be3 Nd7 31. Kf2 Rb6 32. Qa1 Qa4 33. Bd1 Qc6 34. Qc3 Qd6 35. f4 e5 36. g3 Nd8 37. Ba4 Nf6 38. Ke2 exf4 39. gxf4 Qe7 40. Qe5 Ne6 41. Rg1 Qd8 42. f5 Nd4+ 43. Bxd4 cxd4 44. Qg3 d3+ 45. Kf3 Qf8 46. c5 Rb2 47. Rg2 Bb5 48. Bxb5 Rxb5 49. Qd6 Ne8 50. Qxf8+ Kxf8 51. Ke3 Rxc5 52. Kxd3 Nd6 53. Nb3 Rb5 54. Nd4 Ra5 55. Ra2 Ra4 56. e5 Nc4 57. Re2 Nb6 58. e6 Rxa3+ 59. Ke4 Ra4 60. Ke5 Ra5+ 61. Ke4 Ra4 62. Ke5 Ra5+ 63. Ke4 Nc8 64. Rc2 Nd6+ 65. Kd3 Rd5 66. exf7 Kxf7 67. Ke3 a5 68. Nc6 Rxf5 69. Kd4 Nb5+ 70. Ke4 Rh5 71. Ne5+ Ke6 72. Nd3 Rh4+ 73. Ke3 g5 74. Rc6+ Ke7 75. Ra6 Nd6 76. Nc5 Rxh2 77. Ra7+ Kf6 78. Ra6 Ke5 79. Nd7+ Ke6 80. Nb6 Rb2 0-1

[Event "Voronezh op-A"]
[Site "Voronezh"]
[Date "2008.06.16"]
[Round "5"]
[White "Zubov, Oleksander"]
[Black "Chuprikov, Dmitry"]
[Result "1-0"]
[WhiteElo "2568"]
[BlackElo "2461"]
[PlyCount "81"]
[EventDate "2008.06.12"]
[EventType "swiss"]
[EventRounds "9"]
[EventCountry "RUS"]
[SourceTitle "CBM 125 Extra"]
[Source "ChessBase"]
[SourceDate "2008.09.01"]
[SourceVersion "1"]
[SourceVersionDate "2008.09.01"]
[SourceQuality "1"]

1. d4 d5 2. c4 c6 3. Nc3 Nf6 4. Nf3 dxc4 5. a4 Bg4 6. Ne5 Bh5 7. h3 Na6 8. g4 Bg6 9. e3 Nb4 10. Bxc4 e6 11. 0-0 Nd7 12. Nxg6 hxg6 13. Kg2 g5 14. a5 Be7 15. Qb3 b5 16. axb6 axb6 17. Bd2 Nd5 18. Be2 0-0 19. Bf3 Qb8 20. Rfc1 Rc8 21. Nxd5 cxd5 22. Rxc8+ Qxc8 23. Rc1 Qb7 24. Qc2 Nf6 25. Qc7 Rb8 26. Qxb7 Rxb7 27. Rc8+ Kh7 28. Be2 b5 29. f3 b4 30. Ra8 Rd7 31. Ra5 g6 32. Bd3 Kg7 33. Kf2 Kf8 34. Ke2 Bd6 35. e4 dxe4 36. Bxe4 Rc7 37. Bxg5 Kg7 38. Ra6 Be7 39. h4 Rc8 40. h5 gxh5 41. gxh5 1-0

[Event "Alushta Autumn 4th"]
[Site "Alushta"]
[Date "2004.10.??"]
[Round "7"]
[White "Smirnov, Igor"]
[Black "Zubov, Oleksander"]
[Result "1/2-1/2"]
[WhiteElo "2446"]
[BlackElo "2329"]
[PlyCount "40"]
[EventDate "2004.10.??"]
[EventType "tourn"]
[EventRounds "13"]
[EventCountry "UKR"]
[EventCategory "8"]
[SourceTitle "CBM 102 Extra"]
[Source "ChessBase"]
[SourceDate "2004.11.03"]
[SourceVersion "1"]
[SourceVersionDate "2004.11.03"]
[SourceQuality "1"]

1. e4 c5 2. Nf3 e6 3. d4 cxd4 4. Nxd4 a6 5. Bd3 Bc5 6. Nb3 Be7 7. Qg4 g6 8. Qe2 d6 9. 0-0 Nd7 10. Nc3 Ngf6 11. Bh6 Bf8 12. Bxf8 Kxf8 13. f4 e5 14. Kh1 Kg7 15. Nd2 exf4 16. Rxf4 Ne5 17. Raf1 Nh5 18. R4f2 Be6 19. Bc4 Qh4 20. Kg1 Rhf8 1/2-1/2

[Event "Alushta Autumn 4th"]
[Site "Alushta"]
[Date "2004.10.??"]
[Round "2"]
[White "Zubov, Oleksander"]
[Black "Shtyrenkov, Veniamen"]
[Result "1/2-1/2"]
[WhiteElo "2329"]
[BlackElo "2465"]
[PlyCount "56"]
[EventDate "2004.10.??"]
[EventType "tourn"]
[EventRounds "13"]
[EventCountry "UKR"]
[EventCategory "8"]
[SourceTitle "CBM 102 Extra"]
[Source "ChessBase"]
[SourceDate "2004.11.03"]
[SourceVersion "1"]
[SourceVersionDate "2004.11.03"]
[SourceQuality "1"]

1. e4 c5 2. Nf3 Nf6 3. e5 Nd5 4. Nc3 Nxc3 5. dxc3 Nc6 6. Bf4 Qc7 7. Qd2 e6 8. 0-0-0 h6 9. h4 b6 10. h5 Bb7 11. Kb1 0-0-0 12. Be2 Ne7 13. g4 g5 14. Bg3 Bg7 15. Rhe1 Nd5 16. c4 Nf4 17. Bxf4 gxf4 18. Qxf4 f6 19. Bd3 Rhf8 20. Qg3 Bxf3 21. Qxf3 fxe5 22. Qa8+ Qb8 23. Qe4 Bf6 24. a4 Bg5 25. Qe2 d6 26. Be4 Qc7 27. Rd3 Kd7 28. Red1 Ke7 1/2-1/2

[Event "UKR tt"]
[Site "Alushta"]
[Date "2003.??.??"]
[Round "2"]
[White "Vysochin, Spartak"]
[Black "Zubov, Oleksander"]
[Result "1/2-1/2"]
[WhiteElo "2554"]
[BlackElo "2329"]
[PlyCount "70"]
[EventDate "2003.??.??"]
[EventType "team"]
[EventRounds "7"]
[EventCountry "UKR"]
[SourceTitle "EXT 2005"]
[Source "ChessBase"]
[SourceDate "2004.11.15"]
[SourceVersion "1"]
[SourceVersionDate "2004.11.15"]
[SourceQuality "1"]

1. e4 c5 2. c3 d5 3. exd5 Qxd5 4. d4 Nf6 5. Nf3 e6 6. Be2 cxd4 7. cxd4 Nc6 8. 0-0 Be7 9. Nc3 Qd6 10. Nb5 Qd8 11. Bf4 Nd5 12. Bg3 0-0 13. Bc4 a6 14. Bxd5 exd5 15. Nc7 Rb8 16. Ne5 Bf6 17. Rc1 Bf5 18. Nxa6 Bxe5 19. dxe5 bxa6 20. Rxc6 Rxb2 21. Rxa6 d4 22. Rd6 Qa8 23. Qxd4 Rxa2 24. h3 Qa4 25. Qe3 Ra1 26. Rxa1 Qxa1+ 27. Kh2 Qb1 28. Qg5 Be6 29. Bf4 h6 30. Qg3 Kh7 31. Qd3+ Qxd3 32. Rxd3 Rb8 33. Rd4 Rb3 34. Rd8 Rc3 35. Be3 Rb3 1/2-1/2

[Event "UKR tt"]
[Site "Alushta"]
[Date "2003.??.??"]
[Round "5"]
[White "Zubov, Oleksander"]
[Black "Kryvoruchko, Yuriy"]
[Result "1-0"]
[WhiteElo "2329"]
[BlackElo "2355"]
[PlyCount "77"]
[EventDate "2003.??.??"]
[EventType "team"]
[EventRounds "7"]
[EventCountry "UKR"]
[SourceTitle "EXT 2005"]
[Source "ChessBase"]
[SourceDate "2004.11.15"]
[SourceVersion "1"]
[SourceVersionDate "2004.11.15"]
[SourceQuality "1"]

1. Nf3 Nf6 2. c4 c5 3. Nc3 d5 4. cxd5 Nxd5 5. e4 Nb4 6. Bb5+ N8c6 7. d4 cxd4 8. a3 dxc3 9. Qxd8+ Kxd8 10. axb4 cxb2 11. Bxb2 f6 12. e5 Kc7 13. 0-0 Bg4 14. Rfc1 Bxf3 15. gxf3 e6 16. Bxc6 bxc6 17. Ra6 c5 18. bxc5 f5 19. Bd4 g6 20. Rca1 Bh6 21. Rxa7+ Rxa7 22. Rxa7+ Kc6 23. Ra6+ Kb5 24. Rxe6 Rc8 25. Re7 Bf8 26. Rxh7 Bxc5 27. Bxc5 Kxc5 28. Rd7 Re8 29. f4 Rh8 30. Kg2 Rh4 31. Kg3 Rg4+ 32. Kf3 Rh4 33. Rd6 Rg4 34. h3 Rg1 35. Rd3 Ra1 36. Kg3 Ra4 37. e6 Ra2 38. Kh4 Re2 39. Re3 1-0

[Event "UKR-ch U20"]
[Site "Kramatorsk"]
[Date "2002.03.??"]
[Round "4"]
[White "Karjakin, Sergey"]
[Black "Zubov, Oleksander"]
[Result "1-0"]
[WhiteElo "2460"]
[BlackElo "2306"]
[PlyCount "89"]
[EventDate "2002.03.??"]
[EventType "tourn"]
[EventRounds "13"]
[EventCountry "UKR"]
[EventCategory "4"]
[SourceTitle "EXT 2003"]
[Source "ChessBase"]
[SourceDate "2002.11.25"]
[SourceVersion "1"]
[SourceVersionDate "2002.11.25"]
[SourceQuality "1"]

1. e4 e5 2. Nf3 Nc6 3. Bc4 Nf6 4. Ng5 Bc5 5. Bxf7+ Ke7 6. Bb3 Rf8 7. d3 Qe8 8. Be3 d6 9. Nf3 Bg4 10. Nbd2 Nd4 11. Bxd4 Bxd4 12. c3 Bb6 13. h3 Qh5 14. Rf1 Bxf3 15. Nxf3 Nd7 16. Qe2 Rf4 17. Nd4 Qxe2+ 18. Nxe2 Rf6 19. Ng3 g6 20. Rd1 h5 21. Ne2 Raf8 22. d4 h4 23. f3 g5 24. Rd3 Rh6 25. Kd1 Nf6 26. Kc2 Rhh8 27. Rfd1 Rd8 28. g3 Nh5 29. gxh4 Nf4 30. Nxf4 gxf4 31. dxe5 Rxh4 32. exd6+ Rxd6 33. Rxd6 cxd6 34. Rh1 Bf2 35. Bd5 b6 36. Kd3 Rh8 37. Ke2 Bg3 38. Bb7 Rb8 39. Ba6 Rh8 40. a4 Kf6 41. Bb5 Ke7 42. b4 Bh4 43. Bc4 Bg3 44. Bd5 Bh4 45. Kd3 1-0

[Event "UKR-ch U20"]
[Site "Kramatorsk"]
[Date "2002.03.??"]
[Round "1"]
[White "Zubov, Oleksander"]
[Black "Efimenko, Zahar"]
[Result "1/2-1/2"]
[WhiteElo "2306"]
[BlackElo "2546"]
[PlyCount "50"]
[EventDate "2002.03.??"]
[EventType "tourn"]
[EventRounds "13"]
[EventCountry "UKR"]
[EventCategory "4"]
[SourceTitle "EXT 2003"]
[Source "ChessBase"]
[SourceDate "2002.11.25"]
[SourceVersion "1"]
[SourceVersionDate "2002.11.25"]
[SourceQuality "1"]

1. Nf3 Nf6 2. c4 g6 3. Nc3 Bg7 4. e4 d6 5. d4 0-0 6. Be2 e5 7. 0-0 Nc6 8. d5 Ne7 9. b4 Nh5 10. g3 f5 11. Ng5 Nf6 12. Bf3 c6 13. Rb1 cxd5 14. cxd5 h6 15. Ne6 Bxe6 16. dxe6 fxe4 17. Nxe4 Nxe4 18. Bxe4 d5 19. Bg2 Qd6 20. b5 Rad8 21. Qa4 Qxe6 22. Qxa7 Ra8 23. Qxb7 Rfb8 24. Qc7 Rc8 25. Qb7 Rcb8 1/2-1/2

[Event "UKR-ch U20"]
[Site "Kramatorsk"]
[Date "2002.03.??"]
[Round "3"]
[White "Zubov, Oleksander"]
[Black "Truskavetsky, Alexandr"]
[Result "1-0"]
[WhiteElo "2306"]
[BlackElo "2284"]
[PlyCount "63"]
[EventDate "2002.03.??"]
[EventType "tourn"]
[EventRounds "13"]
[EventCountry "UKR"]
[EventCategory "4"]
[SourceTitle "EXT 2003"]
[Source "ChessBase"]
[SourceDate "2002.11.25"]
[SourceVersion "1"]
[SourceVersionDate "2002.11.25"]
[SourceQuality "1"]

1. e4 c5 2. Nf3 e6 3. d4 cxd4 4. Nxd4 Nf6 5. Nc3 d6 6. Be3 a6 7. a4 Nc6 8. Be2 Be7 9. 0-0 0-0 10. f4 Qc7 11. Qe1 Re8 12. Qg3 Bd7 13. Kh1 Rac8 14. Rad1 Nb4 15. e5 Nfd5 16. Nxd5 Nxd5 17. Bc1 dxe5 18. fxe5 Bxa4 19. Bh5 g6 20. Nxe6 Qxc2 21. Nd4 Qc7 22. b3 Bd7 23. Qf3 Qxe5 24. Qxf7+ Kh8 25. Bxg6 hxg6 26. Qxg6 Rf8 27. Rfe1 Qd6 28. Ne6 Bxe6 29. Rxe6 Nc3 30. Rexd6 Bxd6 31. Bb2 Bb4 32. Qh5+ 1-0

[Event "UKR-ch U18"]
[Site "Kiev"]
[Date "2001.??.??"]
[Round "?"]
[White "Zubov, Oleksander"]
[Black "Drozdovskij, Yuri"]
[Result "0-1"]
[WhiteElo "2328"]
[BlackElo "2462"]
[PlyCount "78"]
[EventDate "2001.??.??"]
[EventType "tourn"]
[EventRounds "11"]
[EventCountry "UKR"]
[EventCategory "3"]
[SourceTitle "EXT 2002"]
[Source "ChessBase"]
[SourceDate "2001.11.25"]
[SourceVersion "1"]
[SourceVersionDate "2001.11.25"]
[SourceQuality "1"]

1. d4 d5 2. c4 dxc4 3. Nf3 a6 4. e3 Bg4 5. Bxc4 e6 6. Nc3 Nc6 7. h3 Bh5 8. 0-0 Nf6 9. g4 Bg6 10. Nh4 Bd6 11. Qf3 0-0 12. Nxg6 hxg6 13. Rd1 e5 14. g5 Nd7 15. h4 Nb6 16. Be2 Qe7 17. d5 Nb8 18. Ne4 N8d7 19. h5 Nc5 20. Nf6+ gxf6 21. gxf6 Qd8 22. e4 Nxe4 23. Qxe4 Qxf6 24. Kg2 Kg7 25. Rh1 Rh8 26. h6+ Kh7 27. Rh5 Rhg8 28. Rg5 Qf5 29. f3 Qxe4 30. fxe4 Nd7 31. Be3 f5 32. exf5 gxf5 33. Kh3 f4 34. Bd3+ Kxh6 35. Rxg8 Rxg8 36. Bf5 Nf6 37. Bd2 Rg5 38. Be6 e4 39. Bc3 Nxd5 0-1

[Event "UKR-ch U18"]
[Site "Kiev"]
[Date "2001.??.??"]
[Round "?"]
[White "Zubov, Oleksander"]
[Black "Moskovets, Konstantin"]
[Result "1-0"]
[WhiteElo "2328"]
[BlackElo "2319"]
[PlyCount "125"]
[EventDate "2001.??.??"]
[EventType "tourn"]
[EventRounds "11"]
[EventCountry "UKR"]
[EventCategory "3"]
[SourceTitle "EXT 2002"]
[Source "ChessBase"]
[SourceDate "2001.11.25"]
[SourceVersion "1"]
[SourceVersionDate "2001.11.25"]
[SourceQuality "1"]

1. d4 d5 2. c4 e6 3. Nc3 Nf6 4. Bg5 Be7 5. e3 h6 6. Bh4 0-0 7. Nf3 b6 8. Be2 Bb7 9. Bxf6 Bxf6 10. cxd5 exd5 11. b4 c6 12. 0-0 Nd7 13. Qb3 Rc8 14. Rad1 b5 15. a4 a6 16. a5 Re8 17. Ne1 Be7 18. Bg4 Rc7 19. Bxd7 Rxd7 20. Nd3 Bd6 21. Ne2 Qh4 22. Ng3 Qg4 23. Qc3 Rde7 24. Rc1 h5 25. Qd2 h4 26. h3 Qd7 27. Ne2 Bb8 28. f4 f6 29. Nc5 Qc7 30. Rf3 Bc8 31. Kf2 Ba7 32. g4 hxg3+ 33. Rxg3 Bxc5 34. dxc5 Bf5 35. Nd4 Qd7 36. Rcg1 Be4 37. Qe2 g6 38. Qg4 Qxg4 39. Rxg4 Rh7 40. f5 g5 41. h4 Kf7 42. hxg5 fxg5 43. Rxg5 Reh8 44. Nxc6 Rh2+ 45. Ke1 Rb2 46. Ne5+ Kf6 47. Nd7+ Ke7 48. Rg7+ Kd8 49. Nb8 Bxf5 50. Nc6+ Ke8 51. Rg8+ Rxg8 52. Rxg8+ Kd7 53. Nd4 Bh3 54. Rg3 Rh2 55. Rg7+ Kc8 56. Rh7 Rh1+ 57. Kf2 Rf1+ 58. Kg3 Bd7 59. c6 Bf5 60. Rh5 Be4 61. Ne6 Rh1 62. Rxh1 Bxh1 63. Kf4 1-0

[Event "UKR-ch U18"]
[Site "Dnipropetrovsk"]
[Date "2000.??.??"]
[Round "7"]
[White "Firman, Nazar"]
[Black "Zubov, Oleksander"]
[Result "0-1"]
[WhiteElo "2261"]
[BlackElo "2328"]
[PlyCount "78"]
[EventDate "2000.??.??"]
[EventType "tourn"]
[EventRounds "11"]
[EventCountry "UKR"]
[EventCategory "3"]
[SourceTitle "EXT 2001"]
[Source "ChessBase"]
[SourceDate "2000.11.22"]
[SourceVersion "1"]
[SourceVersionDate "2000.11.22"]
[SourceQuality "1"]

1. e4 c6 2. d4 d5 3. Nd2 dxe4 4. Nxe4 Nd7 5. Bc4 Ngf6 6. Ng5 e6 7. Qe2 Nb6 8. Bb3 h6 9. N5f3 a5 10. c3 a4 11. Bc2 a3 12. b3 c5 13. Bd2 Qc7 14. Rc1 Nbd5 15. Nh3 Be7 16. 0-0 0-0 17. Ne5 cxd4 18. cxd4 Qb6 19. Qd3 Rd8 20. Bxh6 gxh6 21. Qg3+ Kf8 22. Qh4 Ke8 23. Bg6 fxg6 24. Qxh6 Rd6 25. Qxg6+ Kd8 26. Nf7+ Kd7 27. Nhg5 Rc6 28. Nf3 Rc3 29. Rc2 Qb4 30. Rfc1 Kc7 31. Qd3 Rxc2 32. Rxc2+ Kb8 33. g4 e5 34. Rc4 e4 35. Qc2 Bxg4 36. Rxb4 Nxb4 37. Qd2 Bxf3 38. d5 Nfxd5 39. Ne5 Ra6 0-1

[Event "UKR-ch"]
[Site "Sevastopol"]
[Date "2000.??.??"]
[Round "5"]
[White "Zubov, Oleksander"]
[Black "Demkovich, Anatoliy"]
[Result "1/2-1/2"]
[WhiteElo "2328"]
[BlackElo "2440"]
[PlyCount "92"]
[EventDate "2000.??.??"]
[EventType "swiss"]
[EventRounds "9"]
[EventCountry "UKR"]
[SourceTitle "EXT 2001"]
[Source "ChessBase"]
[SourceDate "2000.11.22"]
[SourceVersion "1"]
[SourceVersionDate "2000.11.22"]
[SourceQuality "1"]

1. d4 Nf6 2. c4 g6 3. Nc3 d5 4. Nf3 Bg7 5. Qb3 dxc4 6. Qxc4 0-0 7. e4 Na6 8. e5 Nd7 9. Bf4 Nb6 10. Qb5 c6 11. Qa5 Nc7 12. h3 Ne6 13. Be3 Nd5 14. Qxd8 Rxd8 15. Bc4 Nec7 16. Bb3 b6 17. Nxd5 Nxd5 18. Rc1 Bb7 19. Ke2 Nxe3 20. fxe3 e6 21. Rhd1 Bf8 22. a3 h6 23. Rc3 c5 24. Rcc1 Rac8 25. Rc3 Ba6+ 26. Kf2 Be7 27. d5 exd5 28. Bxd5 Kg7 29. b3 Rc7 30. a4 f6 31. exf6+ Bxf6 32. Rc2 Rcd7 33. e4 Bb7 34. Rcd2 Bxd5 35. Rxd5 Rxd5 36. Rxd5 a6 37. Ke3 Kf7 38. Kd3 Rxd5+ 39. exd5 Ke7 40. Nd2 Kd7 41. Kc4 Be7 42. Ne4 Kc7 43. g4 Kd7 44. Kd3 Kc7 45. Kc4 Kd7 46. Kd3 Kc7 1/2-1/2

[Event "UKR-ch"]
[Site "Sevastopol"]
[Date "2000.??.??"]
[Round "1"]
[White "Zubov, Oleksander"]
[Black "Kuzmenko, Yevgen"]
[Result "1-0"]
[WhiteElo "2328"]
[BlackElo "2252"]
[PlyCount "93"]
[EventDate "2000.??.??"]
[EventType "swiss"]
[EventRounds "9"]
[EventCountry "UKR"]
[SourceTitle "EXT 2001"]
[Source "ChessBase"]
[SourceDate "2000.11.22"]
[SourceVersion "1"]
[SourceVersionDate "2000.11.22"]
[SourceQuality "1"]

1. c4 Nf6 2. Nf3 e6 3. Nc3 Bb4 4. Qc2 c5 5. a3 Ba5 6. g3 0-0 7. Bg2 Nc6 8. 0-0 Qe7 9. d3 Bxc3 10. Qxc3 e5 11. b4 d6 12. Bb2 Re8 13. e3 Bg4 14. h3 Bxf3 15. Bxf3 Rac8 16. Bg2 cxb4 17. axb4 b5 18. Rfc1 bxc4 19. b5 Nd8 20. Qa5 d5 21. dxc4 dxc4 22. Qxa7 Qb4 23. Qa6 Rb8 24. Ba3 Qxb5 25. Qxb5 Rxb5 26. Rxc4 Ra5 27. Bb2 Rxa1+ 28. Bxa1 h6 29. Rc5 e4 30. Bxf6 gxf6 31. Rf5 Kg7 32. Rf4 Ne6 33. Rxe4 Rb8 34. Rg4+ Kf8 35. Bd5 Nc5 36. Rc4 Nd3 37. Rc7 Ne5 38. f4 Rb1+ 39. Kf2 Rb2+ 40. Kf1 Rb1+ 41. Ke2 Rb2+ 42. Kd1 Nd3 43. Rxf7+ Ke8 44. Rxf6 h5 45. Rh6 Nf2+ 46. Ke1 Nd3+ 47. Kf1 1-0

[Event "Alushta3"]
[Site "Alushta"]
[Date "1999.??.??"]
[Round "?"]
[White "Moskalenko, Viktor"]
[Black "Zubov, Oleksander"]
[Result "1-0"]
[WhiteElo "2469"]
[BlackElo "2328"]
[PlyCount "83"]
[EventDate "1999.??.??"]
[EventType "tourn"]
[EventRounds "13"]
[EventCountry "UKR"]
[EventCategory "7"]
[SourceTitle "EXT 2000"]
[Source "ChessBase"]
[SourceDate "1999.11.16"]
[SourceVersion "1"]
[SourceVersionDate "1999.11.16"]
[SourceQuality "1"]

1. d4 Nf6 2. c4 c5 3. e3 cxd4 4. exd4 d5 5. Nc3 Nc6 6. Nf3 e6 7. a3 Be7 8. c5 Ne4 9. Qc2 Bf6 10. Bb5 0-0 11. Bxc6 bxc6 12. 0-0 Nxc3 13. Qxc3 Re8 14. Bf4 a5 15. a4 Re7 16. Rfb1 Rb7 17. b4 Rxb4 18. Rxb4 axb4 19. Qxb4 Qd7 20. h3 Bd8 21. Rb1 f6 22. Qa3 Ba6 23. Qe3 Bc4 24. Rb4 Be7 25. h4 Ba6 26. Qb3 Kf7 27. Qb1 g6 28. Rb3 Ra7 29. h5 Ra8 30. hxg6+ hxg6 31. Nh4 Rg8 32. Rb8 Bc8 33. Nf3 Qa7 34. Bd6 Qd7 35. Bxe7 Kxe7 36. a5 Qc7 37. Qb6 Qf4 38. Qa7+ Kd8 39. Qb6+ Kd7 40. Qa7+ Kd8 41. Qb6+ Kd7 42. Ra8 1-0

[Event "Alushta3"]
[Site "Alushta"]
[Date "1999.??.??"]
[Round "?"]
[White "Zubov, Oleksander"]
[Black "Edzgveradze, Natalia"]
[Result "0-1"]
[WhiteElo "2328"]
[BlackElo "2295"]
[PlyCount "122"]
[EventDate "1999.??.??"]
[EventType "tourn"]
[EventRounds "13"]
[EventCountry "UKR"]
[EventCategory "7"]
[SourceTitle "EXT 2000"]
[Source "ChessBase"]
[SourceDate "1999.11.16"]
[SourceVersion "1"]
[SourceVersionDate "1999.11.16"]
[SourceQuality "1"]

1. e4 c6 2. d4 d5 3. e5 c5 4. dxc5 Nc6 5. Bb5 e6 6. Be3 Nge7 7. c3 Bd7 8. Bxc6 Nxc6 9. Nf3 Qc7 10. Bd4 Nxd4 11. cxd4 b6 12. c6 Qxc6 13. Nc3 Be7 14. Rc1 0-0 15. h4 Rac8 16. 0-0 b5 17. Qd2 Qa6 18. a3 b4 19. axb4 Bxb4 20. Qf4 Qb7 21. h5 h6 22. g4 Be7 23. Rc2 Rc4 24. Kh2 Qb8 25. Rg1 f6 26. Qg3 fxe5 27. Nxe5 Bd6 28. f4 Bxe5 29. fxe5 Rxd4 30. Qe3 Rb4 31. Rd2 Rxb2 32. Rxb2 Qxb2+ 33. Rg2 Qb6 34. Qd2 Kh8 35. Ne2 Qd8 36. Nf4 Qh4+ 37. Kg1 Be8 38. Nxe6 Rf7 39. Nd4 Rb7 40. Qc1 Qe7 41. Qe1 Rb4 42. Nf5 Qc5+ 43. Kh2 Re4 44. Qb1 Qc3 45. Qb2 Qxe5+ 46. Qxe5 Rxe5 47. Nd6 Kh7 48. Rd2 Bd7 49. Nf7 Re4 50. g5 Rh4+ 51. Kg3 Rxh5 52. Rxd5 Be8 53. Nd6 Bc6 54. Ra5 Rxg5+ 55. Rxg5 hxg5 56. Nf7 a5 57. Nxg5+ Kg6 58. Ne6 a4 59. Nd4 a3 60. Nc2 a2 61. Kf4 Ba4 0-1